Planning buildings for education, culture and science (Record no. 53700)

MARC details
000 -LEADER
fixed length control field 00569nam a2200157 a 4500
008 - FIXED-LENGTH DATA ELEMENTS--GENERAL INFORMATION
fixed length control field 120416s1976 ||||||||||||||||| || u
050 ## - LIBRARY OF CONGRESS CALL NUMBER
Classification number NA 2750 Pla
100 ## - MAIN ENTRY--PERSONAL NAME
Personal name Mills, Edward D
245 10 - TITLE STATEMENT
Title Planning buildings for education, culture and science
246 ## - VARYING FORM OF TITLE
Title proper/short title Edward D. Mills
250 ## - EDITION STATEMENT
Edition statement 9th ed.
260 ## - PUBLICATION, DISTRIBUTION, ETC.
Place of publication, distribution, etc. London
Name of publisher, distributor, etc. Newnes-Butterworths
Date of publication, distribution, etc. 1976
300 ## - PHYSICAL DESCRIPTION
Extent vi, varying pagination : ill.
350 ## - PRICE (NR) (BK AM CF MU VM SE) [OBSOLETE]
Price 0.00
995 ## - RECOMMENDATION 995 [LOCAL, UNIMARC FRANCE]
-- 0.00
-- CBU-MAIN LIBRARY (Kitwe)
-- 1
-- 0.00
-- AVAILABLE
-- Annex Low-Usage Collection
Holdings
Withdrawn status Lost status Source of classification or shelving scheme Damaged status Not for loan Home library Current library Shelving location Date acquired Total Checkouts Full call number Barcode Date last seen Price effective from Koha item type
          CBU-MAIN LIBRARY, KITWE. CBU-MAIN LIBRARY, KITWE.   11/30/2022   NA 2750 Pla 009966 11/30/2022 11/30/2022 MONOGRAPH